000 00360pab a2200145 454500
008 180718b2001 xxu||||| |||| 00| 0 eng d
100 _aJain, Arun Kumar
245 _aRevisiting firm level excellence
260 _c2001
300 _ap.3-17
362 _aJul
650 _aOrganizations
773 _aIndian Journal of Industrial Relations
909 _a51279
999 _c51279
_d51279